[Event "World Rapid 2015"]
[Site "Berlin GER"]
[Date "2015.10.12"]
[Round "15.79"]
[White "Zepeda, Lorena"]
[Black "Thiede, Lars"]
[Result "1/2-1/2"]
[WhiteElo "2106"]
[BlackElo "2437"]
[PlyCount "178"]
[EventDate "2015.10.10"]
[EventType "rapid"]

1. e4 d6 2. d4 Nf6 3. Nc3 e5 4. Nf3 exd4 5. Nxd4 Be7 6. Bc4 O-O 7. O-O Re8 8.
h3 Bf8 9. Re1 Nbd7 10. Bg5 c6 11. a4 Ne5 12. Bb3 Ng6 13. Qf3 Be7 14. Rad1 Qa5
15. Bd2 Qh5 16. g4 Qe5 17. Nf5 Be6 18. h4 Nxh4 19. Nxh4 Bxg4 20. Qg2 Bxd1 21.
Rxd1 Qh5 22. Nf5 Qg6 23. Ng3 Bf8 24. Re1 Nh5 25. Nce2 Nxg3 26. Nxg3 Rad8 27. c3
d5 28. Bf4 dxe4 29. Rxe4 Rxe4 30. Qxe4 Qxe4 31. Nxe4 h6 32. Be3 a6 33. Nc5 Bxc5
34. Bxc5 Rd2 35. Ba3 g5 36. Bc4 h5 37. Kg2 b5 38. axb5 axb5 39. Bf1 Kg7 40. c4
bxc4 41. Bxc4 Kg6 42. b3 f5 43. Bc5 h4 44. b4 g4 45. Be6 Rd8 46. Bb3 f4 47. Be6
f3+ 48. Kh2 g3+ 49. fxg3 Rd2+ 50. Kh3 f2 51. Bc4 hxg3 52. Kxg3 Rc2 53. Bd3+ Kf7
54. Bxc2 f1=Q 55. Be4 Qf6 56. Bf3 Ke8 57. Bg4 Qe5+ 58. Kf2 Qh2+ 59. Ke3 Qg3+
60. Bf3 Kd7 61. Ke2 Qe5+ 62. Kd3 Qf5+ 63. Ke3 Qc2 64. Bg4+ Kc7 65. Bf3 Kb7 66.
Be2 Kc7 67. Bf3 Qb3+ 68. Kf4 Qf7+ 69. Ke3 Qe6+ 70. Kf4 Kb7 71. Bg4 Qe8 72. Bf3
Ka6 73. Be4 Qd7 74. Ke3 Kb5 75. Bd3+ Ka4 76. Bc4 Qd1 77. Ke4 Qc2+ 78. Kd4 Qd2+
79. Ke4 Qc3 80. Bd3 Kb3 81. Ba6 Qf6 82. Be2 Kc3 83. Ba6 Qg6+ 84. Ke5 Qf7 85.
Kd6 Qd5+ 86. Kc7 Kb3 87. Bb7 Kc4 88. Bxc6 Qxc5 89. bxc5 Kxc5 1/2-1/2